Transportation engineering: planning and design
Збережено в:
| Автори: | , , |
|---|---|
| Формат: | Книга |
| Мова: | Англійська |
| Опубліковано: |
Nueva York
John Wiley
1982
|
| Редагування: | 2a. ed |
| Предмети: | |
| Теги: |
Додати тег
Немає тегів, Будьте першим, хто поставить тег для цього запису!
|
MARC
| LEADER | 00000nam a2200000 a 4500 | ||
|---|---|---|---|
| 001 | UCU6738 | ||
| 003 | CL-VaPUC | ||
| 008 | 960621e19820000US |||||||||||||||||eng|d | ||
| 082 | 0 | 4 | |a 629.04 |b PAQ |2 21 |
| 100 | |a Paquette, Radnor J. |e author |9 365088 | ||
| 700 | 0 | |a Ashford, Norman |e author |9 365089 | |
| 700 | 0 | |a Wright, Paul H |e author |9 365090 | |
| 245 | 1 | 0 | |a Transportation engineering: planning and design |
| 250 | |a 2a. ed | ||
| 300 | |a 679 p | ||
| 942 | |c BK | ||
| 945 | |d 19960621 00:00:00 |a paguirre | ||
| 260 | |a Nueva York |b John Wiley |c 1982 | ||
| 650 | 7 | |a TRANSPORTE |2 CL-VaPUC |9 256365 | |
| 650 | 0 | |a Ingeniería civil |9 260076 | |
| 650 | 0 | |a Vehículos de motor |9 428686 | |
| 650 | 7 | |a TRENES |2 CL-VaPUC |9 358012 | |
| 650 | 0 | |a Transportes aéreos |9 260842 | |
| 650 | 0 | |a Puertos |9 260105 | |
| 650 | 0 | |a Infraestructuras |9 354587 | |
| 583 | |a last modification |c 19960621 00:00:00 |k Rodrigo Vera | ||
| 999 | |c 249560 |d 249558 | ||
| 952 | |0 0 |1 0 |4 0 |6 629_040000000000000_PAQ_1982 |7 0 |8 A |9 266862 |a BIBING |b BIBING |d 2019-11-19 |i 1690523 |o 629.04 PAQ 1982 |p 1690523 |r 2025-01-20 |w 2019-11-19 |y BK |k TRA | ||
| 952 | |0 0 |1 0 |4 0 |6 629_040000000000000_PAQ_1982 |7 0 |8 A |9 266863 |a BIBING |b BIBING |d 2019-11-19 |i 1690469 |o 629.04 PAQ 1982 |p 1690469 |r 2025-01-20 |w 2019-11-19 |y BK |k TRA | ||